| 000 | 004590000a22001810004500 | ||
|---|---|---|---|
| 003 | MACL | ||
| 005 | 20160101125148.0 | ||
| 008 | 160101b xxu||||| |||| 00| 0 eng d | ||
| 040 |
_aMACL _cMACL |
||
| 041 | _aEnglish | ||
| 082 | _a343.078/CHA | ||
| 100 |
_aChawla, Jagjit Singh _926287 |
||
| 245 |
_aServices Law Reporter _bvol 7 |
||
| 260 |
_bJagjit Singh Chawla _c1972 _aChandigarh |
||
| 350 | _a40 | ||
| 650 |
_aLaw _926288 |
||
| 942 |
_cBK _k343.078/CHA _2ddc |
||
| 999 |
_c36143 _d36143 |
||